[Event "Chigorin Memorial 26th"]
[Site "St Petersburg"]
[Date "2018.10.29"]
[Round "3"]
[White "Sinitsina, Anastassia"]
[Black "Zasukhin, Mikhail"]
[Result "1/2-1/2"]
[WhiteElo "2130"]
[BlackElo "1943"]
[PlyCount "97"]
[EventDate "2018.10.27"]
[EventType "swiss"]
[EventRounds "9"]
[EventCountry "RUS"]
[SourceTitle "CBM 187 Extra"]
[Source "ChessBase"]
[SourceDate "2018.11.04"]
[SourceVersion "1"]
[SourceVersionDate "2018.11.04"]
[SourceQuality "1"]

1. e4 c6 2. d4 d5 3. Nd2 g6 4. Ngf3 h5 5. Bd3 Nh6 6. c3 Bg7 7. Qc2 0-0 8. 0-0 Na6 9. Re1 Nc7 10. b3 Re8 11. Nf1 dxe4 12. Bxe4 Bf5 13. Bd2 Bxe4 14. Rxe4 e6 15. Rd1 Nd5 16. c4 Nf6 17. Ree1 Nf5 18. Bc3 Qc7 19. Qb2 Nh7 20. N1d2 Rad8 21. Ne4 b6 22. b4 Qf4 23. Qa3 Re7 24. Qa4 Red7 25. Qxc6 Nxd4 26. Bxd4 Bxd4 27. Rd2 Nf6 28. c5 bxc5 29. bxc5 Rd5 30. Nxf6+ Bxf6 31. Rxd5 Rxd5 32. Qa8+ Kg7 33. Qxa7 Qc4 34. h3 Rxc5 35. a3 Rc6 36. Re3 Ra6 37. Qb7 Qc1+ 38. Kh2 Rxa3 39. Rxe6 Qf4+ 40. Kg1 Ra1+ 41. Re1 Rxe1+ 42. Nxe1 Qc1 43. Qe4 Bc3 44. Kf1 Qa1 45. h4 Bf6 46. g3 Bc3 47. Qe3 Bd4 48. Qe4 Bc3 49. Qe3 1/2-1/2

[Event "Chigorin Memorial 26th"]
[Site "St Petersburg"]
[Date "2018.10.27"]
[Round "1"]
[White "Brikov, Illarion"]
[Black "Zasukhin, Mikhail"]
[Result "1-0"]
[WhiteElo "2371"]
[BlackElo "1943"]
[PlyCount "111"]
[EventDate "2018.10.27"]
[EventType "swiss"]
[EventRounds "9"]
[EventCountry "RUS"]
[SourceTitle "CBM 187 Extra"]
[Source "ChessBase"]
[SourceDate "2018.11.04"]
[SourceVersion "1"]
[SourceVersionDate "2018.11.04"]
[SourceQuality "1"]

1. d4 c6 2. c4 d5 3. Nc3 Nf6 4. e3 g6 5. Nf3 Bg7 6. Ne5 0-0 7. Be2 a6 8. 0-0 Nbd7 9. f4 e6 10. b3 Qb6 11. Ba3 Re8 12. Qc2 Nf8 13. Bd6 Bd7 14. Bd3 Rec8 15. c5 Qd8 16. Na4 Ne8 17. Bxf8 Bxf8 18. Nb6 Nf6 19. Nxa8 Rxa8 20. b4 Be8 21. a4 Nd7 22. Nxd7 Bxd7 23. b5 a5 24. Rab1 Be7 25. bxc6 bxc6 26. Rb3 Bc8 27. Rfb1 Qc7 28. Qb2 Bd8 29. Rb8 Rxb8 30. Qxb8 Kg7 31. Qa8 Bf6 32. Rb8 Bxd4 33. Rxc8 Bxe3+ 34. Kh1 Qxf4 35. Qb8 Qd4 36. Qb1 Qxc5 37. Bb5 d4 38. Rxc6 Qh5 39. Qf1 Qe5 40. Ra6 Qc7 41. Qc4 Qxc4 42. Bxc4 Bd2 43. Ra7 Kf6 44. g3 h5 45. Kg2 Bb4 46. Kf3 Bc3 47. Ke4 g5 48. Bb5 Kg6 49. Be8 g4 50. Rxf7 Kg5 51. Rf1 h4 52. Bf7 hxg3 53. hxg3 e5 54. Bc4 Kg6 55. Bd3 Kg5 56. Kxe5 1-0

[Event "Sochi ChessAmateur op10"]
[Site "Sochi"]
[Date "2018.10.12"]
[Round "1"]
[White "Evdokimov, Alexey2222"]
[Black "Zasukhin, Mikhail"]
[Result "1-0"]
[WhiteElo "2267"]
[BlackElo "1943"]
[PlyCount "91"]
[EventDate "2018.10.12"]
[EventType "swiss"]
[EventRounds "9"]
[EventCountry "RUS"]
[SourceTitle "CBM 187 Extra"]
[Source "ChessBase"]
[SourceDate "2018.11.04"]
[SourceVersion "1"]
[SourceVersionDate "2018.11.04"]
[SourceQuality "1"]

1. e4 e6 2. d3 d5 3. Nd2 c5 4. Ngf3 Nc6 5. g3 Nf6 6. Bg2 Be7 7. 0-0 0-0 8. e5 Nd7 9. Re1 Re8 10. Nf1 Rb8 11. h4 Nf8 12. N1h2 b5 13. h5 Bb7 14. Ng4 d4 15. Bf4 Rc8 16. Nd2 Qb6 17. Ne4 Nd7 18. h6 g6 19. Bg5 Bxg5 20. Nxg5 Nb4 21. Bxb7 Qxb7 22. Ne4 Nd5 23. Qf3 Qc7 24. Nef6+ Kh8 25. Nxe8 Rxe8 26. Qxf7 Re7 27. Qf3 Qd8 28. Rac1 b4 29. Ra1 Qe8 30. a3 Rf7 31. Qe4 Qb8 32. axb4 Nxb4 33. Rec1 Nd5 34. Rcb1 Rf5 35. c4 Nb4 36. f4 g5 37. fxg5 Rxg5 38. Rf1 Nxd3 39. Rf7 Qg8 40. Rg7 Rxg7 41. hxg7+ Qxg7 42. Rxa7 h5 43. Ra8+ Nf8 44. Qf3 hxg4 45. Rxf8+ Kh7 46. Qxd3+ 1-0